000 00731nam a2200229 i 4500
003 DO-SdBNP
005 20260204123625.0
007 ta
008 260204b2012 dr ||||| |||| 00| 0 spa d
040 _aDO-SdBNP
_bspa
_cBNPHU
_erda
041 _aspa
082 4 _axxx
_bxxx
_222
245 0 0 _aReglamento del Consejo de Investigaciones :
_caprobado en Consejo Académico, mediante resolución No. 02 10/2012
264 1 _aSanto Domingo, D.N. :
_bInstituto Tecnológico de Santo Somingo,
_c2012.
300 _a19 páginas ;
_c22 cm.
336 _atexto
_btxt
_2rdacontent
337 _asin mediación
_bn
_2rdamedia
338 _avolumen
_bnc
_2rdacarrier
590 _aInventariado, 2026/BT
910 _aBtavárez
942 _2ddc
_cLF2
999 _c60219
_d60219